00611nam a2200205 u 45000010006000000050017000060080041000230350010000640410008000740820008000821000047000902450097001372600033002343000018002676500038002856500022003237000040003455020012003855260008003974023620260428111434.0960313s1984 ||||||m| spa  a40236 aspa 4a34510aCarmona Alvarez, Margarita Maria4auteaut10aDe las nulidades en general la impotencia en particular en el derecho matrimonial colombiano aMedellín :bAteneo,c1984. a244 páginas aNulidad del matrimonio - Colombia aImpotencia sexual10aValencia Torres, Bernardo4auteaut b133c14 a135